logo

Bir Sreshtho Munshi Abdur Rouf Library
Jhenaidah Cadet College

The Constitution of the United States : (Record no. 9401)

MARC details
000 -LEADER
fixed length control field 00857nam a2200289 a 4500
001 - CONTROL NUMBER
JCCL Control Number 9401
003 - CONTROL NUMBER IDENTIFIER
JCCL marc code BD - JhCC
005 - DATE AND TIME OF LATEST TRANSACTION
control field 20180313190952.0
008 - FIXED-LENGTH DATA ELEMENTS--GENERAL INFORMATION
fixed length control field 500101s1988 ilu b 001 0 eng d
020 ## - INTERNATIONAL STANDARD BOOK NUMBER
International Standard Book Number 0226131068 (hard) :
020 ## - INTERNATIONAL STANDARD BOOK NUMBER
International Standard Book Number 0226131076 (pbk.) :
035 ## - SYSTEM CONTROL NUMBER
system control number oxf990001631
-- (BD - JhCC)9401
040 ## - CATALOGING SOURCE
Original cataloging agency DLC
Transcribing agency DLC
Modifying agency BD-JhCC
041 ## - LANGUAGE CODE
Language code of Book eng
050 #0 - LIBRARY OF CONGRESS CALL NUMBER
Classification number KF4550.Z9
Item number C88 1988
082 ## - DEWEY DECIMAL CLASSIFICATION NUMBER
Classification number 342.73
082 ## - DEWEY DECIMAL CLASSIFICATION NUMBER
Classification number 347.302
DDC Edition number 19
Author mark and Year CUR 1988
100 1# - MAIN ENTRY--PERSONAL NAME
Personal name Currie, David P.
245 14 - TITLE STATEMENT
Title The Constitution of the United States :
Remainder of title a primer for the people /
Statement of responsibility, etc David P. Curriee
260 ## - PUBLICATION, DISTRIBUTION, ETC. (IMPRINT)
Place of publication, distribution, etc Chicago ;
-- London :
Name of publisher, distributor, etc University of Chicago Press,
Date of publication, distribution, etc 1988.
300 ## - PHYSICAL DESCRIPTION
Pagination ix, 150 p. ;
Dimensions 21 cm.
500 ## - GENERAL NOTE
General note Includes index.
504 ## - BIBLIOGRAPHY, ETC. NOTE
Bibliography, etc Bibliography: p. 135-137.
650 #0 - SUBJECT ADDED ENTRY--TOPICAL TERM
Topical term or geographic name as entry element Constitutional law
Geographic subdivision United States
942 ## - ADDED ENTRY ELEMENTS (KOHA)
Source of classification or shelving scheme Dewey Decimal Classification
Koha item type Books
Holdings
Source of classification or shelving scheme Damaged status Not for loan Home library Current library Shelving location Total Checkouts Full call number Barcode Date last seen Copy number Koha item type
Dewey Decimal Classification     JCC Rouf Library JCC Rouf Library General Stacks   342.73 12558 03/13/2018 C - 1 Books

JCC Library | Contacts | JCC Home

Last Update on 23 September 2017
Copyright @ 2017-2020 JCC Rouf Library
Rouf Library, Jhenidah Cadet College (JCC), Bangladesh